[Event "Test Tournament"]
[Site "Emanuel Lasker Arena"]
[Date "2024.04.09"]
[Round "5"]
[White "Fuerteventura"]
[Black "Karpovs Shadow"]
[Result "0-1"]
[WhiteElo "1620"]
[BlackElo "1620"]
[Annotator "NA RC"]
[PlyCount "58"]
[EventDate "2024.04.09"]
[EventType "swiss (blitz)"]

1. e4 {[%emt 0:00:01]} e5 {[%emt 0:00:01]} 2. Nf3 {[%emt 0:00:02]} Nc6 {[%emt 0:00:01]} 3. Bb5 {[%emt 0:00:01]} a6 {[%emt 0:00:01]} 4. Ba4 {[%emt 0:00:02]} Nf6 {[%emt 0:00:01]} 5. O-O {[%emt 0:00:01]} Be7 {[%emt 0:00:01]} 6. Re1 {[%emt 0:00:01]} b5 {[%emt 0:00:01]} 7. Bb3 {[%emt 0:00:01]} O-O {[%emt 0:00:01]} 8. c3 {[%emt 0:00:02]} d6 {[%emt 0:00:01]} 9. d4 {[%emt 0:00:01]} Bg4 {[%emt 0:00:01]} 10. Be3 {[%emt 0:00:01]} exd4 {[%emt 0:00:01]} 11. cxd4 {[%emt 0:00:01]} Na5 {[%emt 0:00:01]} 12. Bc2 {[%emt 0:00:01]} Nc4 {[%emt 0:00:01]} 13. Bc1 {[%emt 0:00:01]} c5 {[%emt 0:00:01]} 14. b3 {[%emt 0:00:01]} Na5 {[%emt 0:00:01]} 15. Nc3 {[%emt 0:00:01]} Bxf3 {[%emt 0:00:01]} 16. Qxf3 {[%emt 0:00:01]} cxd4 {[%emt 0:00:01]} 17. Nd5 {[%emt 0:00:03]} Rc8 {[%emt 0:00:04]} 18. Bd3 {[%emt 0:00:03]} Qd7 {[%emt 0:00:04]} 19. Qf5 {[%emt 0:00:03]} Rfd8 {[%emt 0:00:04]} 20. Bh6 {[%emt 0:00:03]} Kh8 {[%emt 0:00:04]} 21. Bxg7+ {[%emt 0:00:01]} Kxg7 {[%emt 0:00:01]} 22. Qg5+ {[%emt 0:00:01]} Kh8 {[%emt 0:00:01]} 23. Nxf6 {[%emt 0:00:01]} Bxf6 {[%emt 0:00:01]} 24. Qxf6+ {[%emt 0:00:01]} Kg8 {[%emt 0:00:01]} 25. h4 {[%emt 0:00:03]} Qg4 {[%emt 0:00:02]} 26. e5 {[%emt 0:00:03]} Qg7 {[%emt 0:00:02]} 27. g4 {[%emt 0:00:02]} dxe5 {[%emt 0:00:03]} 28. Qxe5 {[%emt 0:00:03]} Qxg4+ {[%emt 0:00:01]} 29. Kh2 {[%emt 0:00:01]} Nc6 {[%emt 0:00:01] Time (Lag: Av=0.09s, max=0.7s) .} 0-1

[Event "Test Tournament"]
[Site "Emanuel Lasker Arena"]
[Date "2024.04.09"]
[Round "5"]
[White "Sauerbruch"]
[Black "Encheladus"]
[Result "1-0"]
[WhiteElo "1620"]
[BlackElo "1620"]
[Annotator "NA RC"]
[PlyCount "25"]
[EventDate "2024.04.09"]
[EventType "swiss (blitz)"]
[TimeControl "60"]

1. e4 {[%emt 0:00:01]} c6 {[%emt 0:00:01]} 2. d4 {[%emt 0:00:01]} d5 {[%emt 0:00:01]} 3. e5 {[%emt 0:00:01]} Bf5 {[%emt 0:00:02]} 4. g4 {[%emt 0:00:01]} Be4 {[%emt 0:00:01]} 5. f3 {[%emt 0:00:01]} Bg6 {[%emt 0:00:06]} 6. h4 {[%emt 0:00:01]} f6 {[%emt 0:00:01]} 7. h5 {[%emt 0:00:05]} Qa5+ {[%emt 0:00:07]} 8. Bd2 {[%emt 0:00:02]} Qa4 {[%emt 0:00:01]} 9. hxg6 {[%emt 0:00:01]} Qxd4 {[%emt 0:00:01]} 10. exf6 {[%emt 0:00:01]} Nxf6 {[%emt 0:00:01]} 11. Qe2 {[%emt 0:00:04]} Qxb2 {[%emt 0:00:01]} 12. Qe6 {[%emt 0:00:03]} Qxa1 {[%emt 0:00:03]} 13. Qc8# {[%emt 0:00:03] (Lag: Av=0.18s, max=1.0s)} 1-0

[Event "Test Tournament"]
[Site "Emanuel Lasker Arena"]
[Date "2024.04.09"]
[Round "5"]
[White "Schachmatz"]
[Black "Don Rodrigo"]
[Result "0-1"]
[WhiteElo "1620"]
[BlackElo "1620"]
[Annotator "NA RC"]
[PlyCount "60"]
[EventDate "2024.04.09"]
[EventType "swiss (blitz)"]

1. e4 {[%emt 0:00:01]} c5 {[%emt 0:00:02]} 2. f4 {[%emt 0:00:02]} e6 {[%emt 0:00:01]} 3. Nf3 {[%emt 0:00:01]} d5 {[%emt 0:00:01]} 4. Nc3 {[%emt 0:00:01]} dxe4 {[%emt 0:00:01]} 5. Nxe4 {[%emt 0:00:01]} Nc6 {[%emt 0:00:02]} 6. Bb5 {[%emt 0:00:02]} Qd5 {[%emt 0:00:01]} 7. Qe2 {[%emt 0:00:01]} Nf6 {[%emt 0:00:04]} 8. Nc3 {[%emt 0:00:02]} Qh5 {[%emt 0:00:01]} 9. h3 {[%emt 0:00:04]} Bd7 {[%emt 0:00:04]} 10. g4 {[%emt 0:00:04]} Nxg4 {[%emt 0:00:03]} 11. Nd5 {[%emt 0:00:03]} Qxd5 {[%emt 0:00:02]} 12. hxg4 {[%emt 0:00:01]} Nd4 {[%emt 0:00:03]} 13. Rh5 {[%emt 0:00:01]} Bxb5 {[%emt 0:00:01]} 14. Nxd4 {[%emt 0:00:01]} Bxe2 {[%emt 0:00:01]} 15. Rxd5 {[%emt 0:00:02]} cxd4 {[%emt 0:00:02]} 16. Rxd4 {[%emt 0:00:01]} Bxg4 {[%emt 0:00:02]} 17. d3 {[%emt 0:00:03]} Bc5 {[%emt 0:00:03]} 18. Rc4 {[%emt 0:00:03]} Bg1 {[%emt 0:00:02]} 19. Rc7 {[%emt 0:00:02]} e5 {[%emt 0:00:02]} 20. Rxb7 {[%emt 0:00:01]} O-O-O {[%emt 0:00:02]} 21. Rxf7 {[%emt 0:00:01]} Rd4 {[%emt 0:00:02]} 22. Rxg7 {[%emt 0:00:01]} h5 {[%emt 0:00:01]} 23. Rxa7 {[%emt 0:00:00]} Rxd3 {[%emt 0:00:01]} 24. cxd3 {[%emt 0:00:01]} Bxa7 {[%emt 0:00:01]} 25. fxe5 {[%emt 0:00:02]} Rf8 {[%emt 0:00:01]} 26. Bg5 {[%emt 0:00:01]} Rf5 {[%emt 0:00:01]} 27. Rc1+ {[%emt 0:00:01]} Kd7 {[%emt 0:00:01]} 28. Bf6 {[%emt 0:00:01]} Rf2 {[%emt 0:00:01]} 29. Bh4 {[%emt 0:00:01]} Rh2 {[%emt 0:00:01]} 30. Rc6 {[%emt 0:00:12] .} Kxc6 {[%emt 0:00:01]} 0-1

[Event "Test Tournament"]
[Site "Emanuel Lasker Arena"]
[Date "2024.04.09"]
[Round "5"]
[White "Stachelrochade"]
[Black "Mrs Florrick"]
[Result "1-0"]
[WhiteElo "1620"]
[BlackElo "1780"]
[Annotator "NA RC"]
[PlyCount "73"]
[EventDate "2024.04.09"]
[EventType "swiss (blitz)"]

1. d4 {[%emt 0:00:01]} Nf6 {[%emt 0:00:02]} 2. c4 {[%emt 0:00:01]} e6 {[%emt 0:00:02]} 3. g3 {[%emt 0:00:01]} d5 {[%emt 0:00:02]} 4. Bg2 {[%emt 0:00:01]} Be7 {[%emt 0:00:01]} 5. Nf3 {[%emt 0:00:01]} O-O {[%emt 0:00:01]} 6. O-O {[%emt 0:00:01]} Nbd7 {[%emt 0:00:02]} 7. Qc2 {[%emt 0:00:01]} c6 {[%emt 0:00:01]} 8. Nbd2 {[%emt 0:00:01]} b5 {[%emt 0:00:01]} 9. Ne5 {[%emt 0:00:01]} bxc4 {[%emt 0:00:01]} 10. Nxc6 {[%emt 0:00:01]} Qe8 {[%emt 0:00:01]} 11. Nxc4 {[%emt 0:00:01]} Bb7 {[%emt 0:00:04]} 12. N4a5 {[%emt 0:00:04]} Bxc6 {[%emt 0:00:04]} 13. Nxc6 {[%emt 0:00:00]} a5 {[%emt 0:00:03]} 14. Bg5 {[%emt 0:00:04]} Rc8 {[%emt 0:00:03]} 15. e3 {[%emt 0:00:04]} Ne5 {[%emt 0:00:03]} 16. Nxe7+ {[%emt 0:00:01]} Qxe7 {[%emt 0:00:01]} 17. Bxf6 {[%emt 0:00:01]} gxf6 {[%emt 0:00:01]} 18. Qa4 {[%emt 0:00:03]} Nd3 {[%emt 0:00:02]} 19. Qxa5 {[%emt 0:00:01]} Nxb2 {[%emt 0:00:01]} 20. Rac1 {[%emt 0:00:03]} h5 {[%emt 0:00:02]} 21. Rc5 {[%emt 0:00:03]} f5 {[%emt 0:00:02]} 22. Rxc8 {[%emt 0:00:03]} Rxc8 {[%emt 0:00:01]} 23. a4 {[%emt 0:00:02]} Rc2 {[%emt 0:00:02]} 24. Rb1 {[%emt 0:00:02]} Qf6 {[%emt 0:00:02]} 25. Qb5 {[%emt 0:00:02]} Nc4 {[%emt 0:00:01]} 26. a5 {[%emt 0:00:02]} Ra2 {[%emt 0:00:01]} 27. a6 {[%emt 0:00:02]} Kh7 {[%emt 0:00:01]} 28. h4 {[%emt 0:00:02]} Kg7 {[%emt 0:00:01]} 29. Qc6 {[%emt 0:00:01]} Nd2 {[%emt 0:00:01]} 30. Rb7 {[%emt 0:00:01]} Ra3 {[%emt 0:00:01]} 31. a7 {[%emt 0:00:03]} Ra1+ {[%emt 0:00:02]} 32. Kh2 {[%emt 0:00:01]} Kg6 {[%emt 0:00:02]} 33. Qc8 {[%emt 0:00:02]} Kh7 {[%emt 0:00:01]} 34. Qf8 {[%emt 0:00:01]} Kg6 {[%emt 0:00:02]} 35. Qg8+ {[%emt 0:00:01]} Qg7 {[%emt 0:00:01]} 36. a8=Q {[%emt 0:00:01]} Rxa8 {[%emt 0:00:01] '} 37. Qxa8 {[%emt 0:00:00] (Lag: Av=0.09s, max=0.8s)} 1-0

[Event "Test Tournament"]
[Site "Emanuel Lasker Arena"]
[Date "2024.04.09"]
[Round "5"]
[White "Triskaidekaphobe"]
[Black "Patemkin"]
[Result "0-1"]
[WhiteElo "1620"]
[BlackElo "1680"]
[Annotator "NA RC"]
[PlyCount "68"]
[EventDate "2024.04.09"]
[EventType "swiss (blitz)"]

1. e4 {[%emt 0:00:01]} e5 {[%emt 0:00:01]} 2. Nf3 {[%emt 0:00:01]} Nc6 {[%emt 0:00:01]} 3. Bb5 {[%emt 0:00:01]} Nf6 {[%emt 0:00:01]} 4. O-O {[%emt 0:00:01]} Nxe4 {[%emt 0:00:01]} 5. d4 {[%emt 0:00:01]} Be7 {[%emt 0:00:02]} 6. Qe2 {[%emt 0:00:01]} Nd6 {[%emt 0:00:01]} 7. Bxc6 {[%emt 0:00:01]} dxc6 {[%emt 0:00:01]} 8. dxe5 {[%emt 0:00:01]} Nf5 {[%emt 0:00:01]} 9. Rd1 {[%emt 0:00:05]} Bd7 {[%emt 0:00:01]} 10. Nc3 {[%emt 0:00:06]} O-O {[%emt 0:00:04]} 11. Bf4 {[%emt 0:00:04]} c5 {[%emt 0:00:04]} 12. Ne4 {[%emt 0:00:03]} a5 {[%emt 0:00:04]} 13. g4 {[%emt 0:00:03]} Nh4 {[%emt 0:00:03]} 14. h3 {[%emt 0:00:03]} Nxf3+ {[%emt 0:00:03]} 15. Qxf3 {[%emt 0:00:01]} b5 {[%emt 0:00:03]} 16. c4 {[%emt 0:00:03]} Qc8 {[%emt 0:00:01]} 17. Rd5 {[%emt 0:00:02]} a4 {[%emt 0:00:02]} 18. Rad1 {[%emt 0:00:02]} Bc6 {[%emt 0:00:02]} 19. cxb5 {[%emt 0:00:02]} Bxb5 {[%emt 0:00:01]} 20. Nxc5 {[%emt 0:00:02]} a3 {[%emt 0:00:03]} 21. bxa3 {[%emt 0:00:03]} Ra5 {[%emt 0:00:02]} 22. Nd7 {[%emt 0:00:02]} Rxa3 {[%emt 0:00:02]} 23. Be3 {[%emt 0:00:02]} Bc4 {[%emt 0:00:02]} 24. R5d4 {[%emt 0:00:02]} Rd8 {[%emt 0:00:01]} 25. Rxc4 {[%emt 0:00:00]} Rxd7 {[%emt 0:00:01]} 26. Ra1 {[%emt 0:00:02]} Qa8 {[%emt 0:00:02]} 27. Qf5 {[%emt 0:00:02]} Rdd3 {[%emt 0:00:01]} 28. Rxc7 {[%emt 0:00:01]} Qe8 {[%emt 0:00:01]} 29. e6 {[%emt 0:00:02]} Rxe3 {[%emt 0:00:01]} 30. exf7+ {[%emt 0:00:01]} Qxf7 {[%emt 0:00:01]} 31. Rc8+ {[%emt 0:00:01]} Bf8 {[%emt 0:00:01]} 32. Qxf7+ {[%emt 0:00:00]} Kxf7 {[%emt 0:00:00]} 33. fxe3 {[%emt 0:00:01]} Bd6 {[%emt 0:00:01]} 34. Kf2 {[%emt 0:00:01] .} Be5 {[%emt 0:00:01]} 0-1

[Event "Test Tournament"]
[Site "Emanuel Lasker Arena"]
[Date "2024.04.09"]
[Round "6"]
[White "Brutus"]
[Black "Antonella"]
[Result "0-1"]
[WhiteElo "2041"]
[BlackElo "2040"]
[Annotator "RC"]
[PlyCount "72"]
[EventDate "2024.04.09"]
[EventType "swiss (blitz)"]

1. c4 {[%emt 0:00:01]} g6 {[%emt 0:00:01]} 2. Nc3 {[%emt 0:00:01]} Bg7 {[%emt 0:00:01]} 3. g3 {[%emt 0:00:01]} Nf6 {[%emt 0:00:01]} 4. d4 {[%emt 0:00:01]} O-O {[%emt 0:00:01]} 5. Bg2 {[%emt 0:00:01]} d6 {[%emt 0:00:01]} 6. Nf3 {[%emt 0:00:01]} Nc6 {[%emt 0:00:01]} 7. O-O {[%emt 0:00:01]} e5 {[%emt 0:00:01]} 8. d5 {[%emt 0:00:01]} Bf5 {[%emt 0:00:07]} 9. dxc6 {[%emt 0:00:01]} bxc6 {[%emt 0:00:01]} 10. Bg5 {[%emt 0:00:05]} Rb8 {[%emt 0:00:01]} 11. e4 {[%emt 0:00:01]} Be6 {[%emt 0:00:01]} 12. Qa4 {[%emt 0:00:04]} h6 {[%emt 0:00:03]} 13. Be3 {[%emt 0:00:04]} Rxb2 {[%emt 0:00:01]} 14. Qxc6 {[%emt 0:00:01]} Qa8 {[%emt 0:00:03]} 15. Qxc7 {[%emt 0:00:01]} Nxe4 {[%emt 0:00:01]} 16. Nxe5 {[%emt 0:00:01]} d5 {[%emt 0:00:03]} 17. cxd5 {[%emt 0:00:01]} Bxd5 {[%emt 0:00:01]} 18. Nxd5 {[%emt 0:00:01]} Qxd5 {[%emt 0:00:01]} 19. Rad1 {[%emt 0:00:06]} Qe6 {[%emt 0:00:03]} 20. Bxe4 {[%emt 0:00:02]} Bxe5 {[%emt 0:00:01]} 21. Qd7 {[%emt 0:00:02]} Re8 {[%emt 0:00:02]} 22. Bc6 {[%emt 0:00:02]} Re7 {[%emt 0:00:02]} 23. Qd8+ {[%emt 0:00:02]} Kh7 {[%emt 0:00:01]} 24. Bd5 {[%emt 0:00:02]} Qf6 {[%emt 0:00:02]} 25. Bc4 {[%emt 0:00:02]} Bc3 {[%emt 0:00:02]} 26. Rd7 {[%emt 0:00:01]} Rxd7 {[%emt 0:00:01]} 27. Qxd7 {[%emt 0:00:01]} Bb4 {[%emt 0:00:01]} 28. Bxf7 {[%emt 0:00:02]} Qe7 {[%emt 0:00:02]} 29. Rd1 {[%emt 0:00:01]} a5 {[%emt 0:00:01]} 30. Bb3 {[%emt 0:00:01]} a4 {[%emt 0:00:02]} 31. Bc4 {[%emt 0:00:01]} a3 {[%emt 0:00:01]} 32. h4 {[%emt 0:00:03]} Rc2 {[%emt 0:00:01]} 33. Be6 {[%emt 0:00:02]} h5 {[%emt 0:00:01]} 34. Bf7 {[%emt 0:00:02]} Qxe3 {[%emt 0:00:01]} 35. fxe3 {[%emt 0:00:01]} Kh6 {[%emt 0:00:01]} 36. Bxg6 {[%emt 0:00:02] .} Kxg6 {[%emt 0:00:00]} 0-1

[Event "Test Tournament"]
[Site "Emanuel Lasker Arena"]
[Date "2024.04.09"]
[Round "6"]
[White "Hollis"]
[Black "Churchill"]
[Result "1-0"]
[WhiteElo "1881"]
[BlackElo "1620"]
[Annotator "NA RC"]
[PlyCount "29"]
[EventDate "2024.04.09"]
[EventType "swiss (blitz)"]
[TimeControl "60"]

1. c4 {[%emt 0:00:01]} c5 {[%emt 0:00:01]} 2. Nf3 {[%emt 0:00:01]} Nc6 {[%emt 0:00:00]} 3. Nc3 {[%emt 0:00:01]} g6 {[%emt 0:00:02]} 4. e3 {[%emt 0:00:01]} Nf6 {[%emt 0:00:02]} 5. d4 {[%emt 0:00:02]} d5 {[%emt 0:00:01]} 6. dxc5 {[%emt 0:00:01]} Nb4 {[%emt 0:00:05]} 7. Nxd5 {[%emt 0:00:02]} Nfxd5 {[%emt 0:00:02]} 8. cxd5 {[%emt 0:00:01]} Nxd5 {[%emt 0:00:01]} 9. Ne5 {[%emt 0:00:04]} Qa5+ {[%emt 0:00:04]} 10. Bd2 {[%emt 0:00:04]} Nb4 {[%emt 0:00:02]} 11. Bc4 {[%emt 0:00:04]} Bh6 {[%emt 0:00:05]} 12. Bxf7+ {[%emt 0:00:02]} Kf8 {[%emt 0:00:02]} 13. O-O {[%emt 0:00:03]} Qxc5 {[%emt 0:00:02]} 14. Bc3 {[%emt 0:00:04]} Nc2 {[%emt 0:00:03]} 15. Qd8+ {[%emt 0:00:03] Churchill resigns (Lag: Av=0.11s, max=1.0s)} 1-0

[Event "Test Tournament"]
[Site "Emanuel Lasker Arena"]
[Date "2024.04.09"]
[Round "6"]
[White "LiliBeth"]
[Black "Triskaidekaphobe"]
[Result "0-1"]
[WhiteElo "1853"]
[BlackElo "1620"]
[Annotator "NA RC"]
[PlyCount "56"]
[EventDate "2024.04.09"]
[EventType "swiss (blitz)"]
[TimeControl "60"]

1. d4 {[%emt 0:00:02]} Nf6 {[%emt 0:00:01]} 2. c4 {[%emt 0:00:01]} c5 {[%emt 0:00:01]} 3. d5 {[%emt 0:00:01]} b5 {[%emt 0:00:01]} 4. cxb5 {[%emt 0:00:01]} a6 {[%emt 0:00:01]} 5. bxa6 {[%emt 0:00:01]} g6 {[%emt 0:00:01]} 6. Nc3 {[%emt 0:00:00]} Bxa6 {[%emt 0:00:01]} 7. g3 {[%emt 0:00:02]} d6 {[%emt 0:00:01]} 8. Bg2 {[%emt 0:00:01]} Bg7 {[%emt 0:00:01]} 9. Nf3 {[%emt 0:00:01]} O-O {[%emt 0:00:01]} 10. O-O {[%emt 0:00:01]} Nbd7 {[%emt 0:00:01]} 11. Rb1 {[%emt 0:00:01]} Ng4 {[%emt 0:00:01]} 12. Bf4 {[%emt 0:00:01]} Qa5 {[%emt 0:00:01]} 13. a4 {[%emt 0:00:04]} Bxc3 {[%emt 0:00:01]} 14. bxc3 {[%emt 0:00:01]} Qxc3 {[%emt 0:00:01]} 15. Ng5 {[%emt 0:00:07]} Rab8 {[%emt 0:00:04]} 16. h3 {[%emt 0:00:03]} h6 {[%emt 0:00:04]} 17. Qd4 {[%emt 0:00:22]} Qxd4 {[%emt 0:00:01]} 18. hxg4 {[%emt 0:00:01]} hxg5 {[%emt 0:00:01]} 19. Bxg5 {[%emt 0:00:01]} Rxb1 {[%emt 0:00:01]} 20. Rxb1 {[%emt 0:00:01]} Qxa4 {[%emt 0:00:01]} 21. Bxe7 {[%emt 0:00:01]} Bxe2 {[%emt 0:00:03]} 22. Bxf8 {[%emt 0:00:00]} Kxf8 {[%emt 0:00:01]} 23. g5 {[%emt 0:00:01]} Bd3 {[%emt 0:00:01]} 24. Rb8+ {[%emt 0:00:01]} Nxb8 {[%emt 0:00:01]} 25. Kh2 {[%emt 0:00:01]} Na6 {[%emt 0:00:02]} 26. Bf3 {[%emt 0:00:01]} Qc2 {[%emt 0:00:02] .} 27. Kg2 {[%emt 0:00:01]} Qb3 {[%emt 0:00:01]} 28. Kh2 {[%emt 0:00:01]} Qc3 {[%emt 0:00:02]} 0-1

[Event "Test Tournament"]
[Site "Emanuel Lasker Arena"]
[Date "2024.04.09"]
[Round "6"]
[White "Girlfriend Chess"]
[Black "LiliBeth"]
[Result "0-1"]
[WhiteElo "1752"]
[BlackElo "1853"]
[Annotator "NA RC"]
[PlyCount "22"]
[EventDate "2024.04.09"]
[EventType "swiss (blitz)"]

1. e4 {[%emt 0:00:01]} Nf6 {[%emt 0:00:01]} 2. e5 {[%emt 0:00:01]} Nd5 {[%emt 0:00:01]} 3. d4 {[%emt 0:00:01]} d6 {[%emt 0:00:01]} 4. Nf3 {[%emt 0:00:01]} dxe5 {[%emt 0:00:01]} 5. Nxe5 {[%emt 0:00:01]} c6 {[%emt 0:00:01]} 6. Be2 {[%emt 0:00:01]} Bf5 {[%emt 0:00:01]} 7. O-O {[%emt 0:00:01]} Nd7 {[%emt 0:00:01]} 8. Bd3 {[%emt 0:00:01]} Bxd3 {[%emt 0:00:01]} 9. Nxd3 {[%emt 0:00:01]} e6 {[%emt 0:00:01]} 10. c4 {[%emt 0:00:01]} Bd6 {[%emt 0:00:05]} 11. cxd5 {[%emt 0:00:01]} cxd5 {[%emt 0:00:01] Girlfriend Chess resigns (Lag: Av=0.10s, max=0.6s)} 0-1

[Event "Test Tournament"]
[Site "Emanuel Lasker Arena"]
[Date "2024.04.09"]
[Round "6"]
[White "Girlfriend Chess"]
[Black "Melancholia"]
[Result "1-0"]
[WhiteElo "1752"]
[BlackElo "1620"]
[Annotator "NA RC"]
[PlyCount "21"]
[EventDate "2024.04.09"]
[EventType "swiss (blitz)"]

1. e4 {[%emt 0:00:01]} e5 {[%emt 0:00:00]} 2. Nf3 {[%emt 0:00:01]} Nc6 {[%emt 0:00:01]} 3. Bb5 {[%emt 0:00:01]} a6 {[%emt 0:00:01]} 4. Ba4 {[%emt 0:00:01]} d6 {[%emt 0:00:01]} 5. O-O {[%emt 0:00:00]} Bd7 {[%emt 0:00:01]} 6. d4 {[%emt 0:00:01]} Nf6 {[%emt 0:00:01]} 7. d5 {[%emt 0:00:01]} Nxe4 {[%emt 0:00:04]} 8. dxc6 {[%emt 0:00:01]} bxc6 {[%emt 0:00:01]} 9. Nc3 {[%emt 0:00:02]} Nc5 {[%emt 0:00:02]} 10. Bg5 {[%emt 0:00:07]} Qb8 {[%emt 0:00:04]} 11. Qe2 {[%emt 0:00:03] Melancholia resigns (Lag: Av=0.06s, max=0.1s)} 1-0

[Event "Test Tournament"]
[Site "Emanuel Lasker Arena"]
[Date "2024.04.09"]
[Round "6"]
[White "CheckMaid"]
[Black "Knightess"]
[Result "0-1"]
[WhiteElo "1645"]
[BlackElo "1620"]
[Annotator "NA RC"]
[PlyCount "34"]
[EventDate "2024.04.09"]
[EventType "swiss (blitz)"]
[TimeControl "60"]

1. e4 {[%emt 0:00:01]} g6 {[%emt 0:00:02]} 2. d4 {[%emt 0:00:02]} d6 {[%emt 0:00:02]} 3. Nc3 {[%emt 0:00:02]} Bg7 {[%emt 0:00:02]} 4. f4 {[%emt 0:00:01]} Nf6 {[%emt 0:00:01]} 5. Nf3 {[%emt 0:00:01]} O-O {[%emt 0:00:01]} 6. e5 {[%emt 0:00:01]} dxe5 {[%emt 0:00:02]} 7. fxe5 {[%emt 0:00:01]} Nd5 {[%emt 0:00:02]} 8. h4 {[%emt 0:00:01]} Bg4 {[%emt 0:00:01]} 9. Ne4 {[%emt 0:00:01]} f5 {[%emt 0:00:02]} 10. Bc4 {[%emt 0:00:13]} fxe4 {[%emt 0:00:01]} 11. c3 {[%emt 0:00:03]} exf3 {[%emt 0:00:01]} 12. gxf3 {[%emt 0:00:01]} Rxf3 {[%emt 0:00:01]} 13. h5 {[%emt 0:00:03]} e6 {[%emt 0:00:03]} 14. hxg6 {[%emt 0:00:02]} b5 {[%emt 0:00:03]} 15. gxh7+ {[%emt 0:00:01]} Kh8 {[%emt 0:00:02]} 16. Bd3 {[%emt 0:00:02]} Ne3 {[%emt 0:00:03]} 17. Qe2 {[%emt 0:00:02]} Qg5 {[%emt 0:00:03] CheckMaid resigns (Lag: Av=0.11s, max=1.0s)} 0-1

[Event "Test Tournament"]
[Site "Emanuel Lasker Arena"]
[Date "2024.04.09"]
[Round "6"]
[White "Don Rodrigo"]
[Black "Zimtowitch"]
[Result "0-1"]
[WhiteElo "1620"]
[BlackElo "1896"]
[Annotator "NA RC"]
[PlyCount "58"]
[EventDate "2024.04.09"]
[EventType "swiss (blitz)"]
[TimeControl "60"]

1. e4 {[%emt 0:00:01]} c5 {[%emt 0:00:01]} 2. Nf3 {[%emt 0:00:01]} d6 {[%emt 0:00:01]} 3. d4 {[%emt 0:00:01]} cxd4 {[%emt 0:00:01]} 4. Nxd4 {[%emt 0:00:01]} Nf6 {[%emt 0:00:01]} 5. Nc3 {[%emt 0:00:01]} g6 {[%emt 0:00:01]} 6. Be3 {[%emt 0:00:01]} Bg7 {[%emt 0:00:01]} 7. f3 {[%emt 0:00:02]} O-O {[%emt 0:00:01]} 8. Qd2 {[%emt 0:00:01]} Nc6 {[%emt 0:00:01]} 9. O-O-O {[%emt 0:00:01]} d5 {[%emt 0:00:01]} 10. Qe1 {[%emt 0:00:01]} e5 {[%emt 0:00:01]} 11. Nb3 {[%emt 0:00:01]} d4 {[%emt 0:00:01]} 12. Qh4 {[%emt 0:00:09]} Qe7 {[%emt 0:00:02]} 13. Bd2 {[%emt 0:00:03]} dxc3 {[%emt 0:00:01]} 14. Bxc3 {[%emt 0:00:01]} Rd8 {[%emt 0:00:04]} 15. Bc4 {[%emt 0:00:03]} b6 {[%emt 0:00:09]} 16. a4 {[%emt 0:00:03]} Be6 {[%emt 0:00:03]} 17. Ba6 {[%emt 0:00:03]} Nb4 {[%emt 0:00:03]} 18. Bb5 {[%emt 0:00:02]} Na2+ {[%emt 0:00:01]} 19. Kb1 {[%emt 0:00:01]} Nxc3+ {[%emt 0:00:01]} 20. bxc3 {[%emt 0:00:01]} Qa3 {[%emt 0:00:02]} 21. h3 {[%emt 0:00:02]} a6 {[%emt 0:00:02]} 22. Bc6 {[%emt 0:00:02]} Bxb3 {[%emt 0:00:01]} 23. cxb3 {[%emt 0:00:01]} Qxb3+ {[%emt 0:00:01]} 24. Kc1 {[%emt 0:00:01]} Qxc3+ {[%emt 0:00:01]} 25. Kb1 {[%emt 0:00:01]} Qxc6 {[%emt 0:00:01]} 26. Rd7 {[%emt 0:00:01]} Rxd7 {[%emt 0:00:01]} 27. g4 {[%emt 0:00:02]} Rd2 {[%emt 0:00:02]} 28. Qg5 {[%emt 0:00:01]} Qc2+ {[%emt 0:00:01]} 29. Ka1 {[%emt 0:00:01]} Qb2# {[%emt 0:00:01] (Lag: Av=0.15s, max=1.1s)} 0-1

[Event "Test Tournament"]
[Site "Emanuel Lasker Arena"]
[Date "2024.04.09"]
[Round "6"]
[White "Encheladus"]
[Black "Botwinzig"]
[Result "1-0"]
[WhiteElo "1620"]
[BlackElo "1810"]
[Annotator "NA RC"]
[PlyCount "41"]
[EventDate "2024.04.09"]
[EventType "swiss (blitz)"]
[TimeControl "60"]

1. e4 {[%emt 0:00:01]} c5 {[%emt 0:00:01]} 2. Nf3 {[%emt 0:00:01]} d6 {[%emt 0:00:01]} 3. d4 {[%emt 0:00:01]} cxd4 {[%emt 0:00:01]} 4. Nxd4 {[%emt 0:00:01]} Nf6 {[%emt 0:00:01]} 5. Nc3 {[%emt 0:00:01]} g6 {[%emt 0:00:01]} 6. Be3 {[%emt 0:00:01]} Bg7 {[%emt 0:00:01]} 7. f3 {[%emt 0:00:01]} Qa5 {[%emt 0:00:01]} 8. Qd2 {[%emt 0:00:01]} Nc6 {[%emt 0:00:04]} 9. O-O-O {[%emt 0:00:05]} O-O {[%emt 0:00:01]} 10. g4 {[%emt 0:00:03]} Rd8 {[%emt 0:00:02]} 11. Bc4 {[%emt 0:00:06]} Ne5 {[%emt 0:00:01]} 12. Qe2 {[%emt 0:00:04]} Nxc4 {[%emt 0:00:01]} 13. Qxc4 {[%emt 0:00:01]} Bd7 {[%emt 0:00:02]} 14. Ndb5 {[%emt 0:00:03]} Rac8 {[%emt 0:00:03]} 15. Qb3 {[%emt 0:00:03]} h5 {[%emt 0:00:03]} 16. Nxa7 {[%emt 0:00:03]} Be6 {[%emt 0:00:03]} 17. Qa4 {[%emt 0:00:02]} Bh6 {[%emt 0:00:29]} 18. Qxa5 {[%emt 0:00:01]} Bxe3+ {[%emt 0:00:01]} 19. Rd2 {[%emt 0:00:01]} Ra8 {[%emt 0:00:01]} 20. g5 {[%emt 0:00:02]} Nd7 {[%emt 0:00:01]} 21. Ncb5 {[%emt 0:00:02] Time (Lag: Av=0.16s, max=1.2s) '} 1-0